00424nam a22001337a 450000500170000000800410001704100130005808200120007110000130008324500950009626000450019130000280023665000260026420240717072212.0240717b |||||||| |||| 00| 0 eng d aEnglish  a349 SOU lEnglish  aSouth African Law Reports : bwith which are amalgamated The All South African Law Reports aCape Town: bJuta and Company Ltd,c1954 bx, 576 pages; c26 cm.  aLegal practice bLaw